000 00732nam a22001817a 4500
999 _c80814
_d80814
008 201130b ||||| |||| 00| 0 eng d
040 _bger
_cDE-2950
_erda
_aDE-2950
041 _ager
100 _aGutke, Thomas:
245 _aBrücke Ziegenwerder muss saniert - oder erneuert werden
_bInfrastruktur: Der Zustand des beliebten Übergangs wird zunehmend schlechter. 2026 läuft die Restnutzungsdauer ab /
_cThomas Gutke
653 _aFrankfurt (Oder)
653 _aBrücke Ziegenwerder
773 _dFrankfurt (Oder): Märkisches Verlags- und Druckhaus GmbH & Co KG
_g32. Jahrgang (2021) Nr. 58 vom 10.03.2021, S. 13
_tMärkische Oderzeitung
942 _cA